पौधे मेरे लगाए हुए / (Record no. 212587)

MARC details
000 -LEADER
fixed length control field 00858nam a22002057a 4500
005 - DATE AND TIME OF LATEST TRANSACTION
control field 20250724151244.0
010 ## - LCCN (DPL NO)
LC control number HIN-129987
020 ## - INTERNATIONAL STANDARD BOOK NUMBER
Terms of availability 350.00
International Standard Book Number 9789360625139
020 ## - INTERNATIONAL STANDARD BOOK NUMBER
International Standard Book Number 9789360625139
Terms of availability 350.00
035 ## - SYSTEM CONTROL NUMBER
System control number HN-102333
037 ## - SOURCE OF ACQUISITION
Source of stock number/acquisition DBAD
082 ## - DEWEY DECIMAL CLASSIFICATION NUMBER
Classification number 821
100 ## - MAIN ENTRY--PERSONAL NAME
Personal name झिन्झान्वी, अली अफजल
245 ## - TITLE STATEMENT
Title पौधे मेरे लगाए हुए /
Statement of responsibility, etc अली अफजल झिन्झान्वी
260 ## - PUBLICATION, DISTRIBUTION, ETC. (IMPRINT)
Place of publication, distribution, etc दिल्ली
Name of publisher, distributor, etc एजुकेशनल पब्लिशिंग हाउस
Date of publication, distribution, etc 2025
270 ## - ADDRESS
Address अंसारी रोड, दरयागंज , नई दिल्ली
City नई दिल्ली
Postal code 110002
300 ## - PHYSICAL DESCRIPTION
Extent 231पृ.
Dimensions 22 सेमी (अजिल्द)
490 ## - SERIES STATEMENT
Volume number/sequential designation 821
942 ## - ADDED ENTRY ELEMENTS (KOHA)
Source of classification or shelving scheme Dewey Decimal Classification
Item type Hindi Books
Classification part 821
Call number suffix झिन्झा
Holdings
Withdrawn status Lost status Not for loan Collection code Home library Current library Date acquired Source of acquisition Cost, normal purchase price Full call number Barcode Copy number Cost, replacement price Koha item type
    Not For Loan Non-fiction Bawana Bawana 24/07/2025 DBAD 350.00 821 झिन्झा HN-102333 1 350.00 Hindi Books

© Delhi Public Library
Hit Counter
free hit counter